00634 a2200193 4500003000400000005001700004008004100021020001800062040000900080082002000089100002400109245004700133250001200180260004300192300001000235942004600245952013200291999001700423OSt20240207120558.0240207b |||||||| |||| 00| 0 eng d a9789381788820 coclc a894.8124bSIV/G aSivasankaran910406 aGurunanakkum Sikhumathavum /cSivasankaran a1st ed. aKozhikode:bOlive Publications,c2013. a112p. 2ddccBKh894.8124iSIV/Gk894.8124mSIV/G 00102ddc40708ESSAYaMESbMEScMALd2024-02-07l0o894.8124 SIV/Gp45195r2024-02-07 12:06:33v85.00w2024-02-07yBKzGR32R2 c44346d44346